Statistics for NBA Teams by Value

Click here to take the quiz!

General Stats

  • This quiz has been taken 48 times
  • The average score is 16 of 30

Answer Stats

ValueTeam% Correct
$5.9 BLos Angeles Lakers
100%
$6.1 BNew York Knicks
95%
$7 BGolden State Warriors
89%
$4 BBoston Celtics
84%
$3.9 BLos Angeles Clippers
84%
$3.5 BBrooklyn Nets
79%
$4.1 BChicago Bulls
79%
$3.2 BHouston Rockets
68%
$3 BMiami Heat
68%
$3.3 BDallas Mavericks
63%
$3.15 BPhiladelphia 76ers
63%
$3.1 BToronto Raptors
58%
$1.65 BMemphis Grizzlies
53%
$1.9 BDetroit Pistons
47%
$1.6 BNew Orleans Pelicans
47%
$1.8 BIndiana Pacers
42%
$2.3 BMilwaukee Bucks
42%
$1.85 BOrlando Magic
42%
$2.025 BUtah Jazz
42%
$1.975 BAtlanta Hawks
37%
$2.05 BCleveland Cavaliers
37%
$1.93 BDenver Nuggets
37%
$1.67 BMinnesota Timberwolves
37%
$2.7 BPhoenix Suns
37%
$2 BSan Antonio Spurs
37%
$2.5 BWashington Wizards
37%
$1.875 BOklahoma City Thunder
32%
$2.03 BSacramento Kings
32%
$2.1 BPortland Trail Blazers
26%
$1.7 BCharlotte Hornets
21%

Score Distribution

Percentile by Number Answered

Percent of People with Each Score

Your Score History

You have not taken this quiz